Scrambled Words Ending in “R” - Statistics

General Stats
  • This quiz has been taken 34 times
  • The average score is 20 of 30
Answer Stats
Hint Answer % Correct
Mrrroi Mirror
97%
iuatrG Guitar
93%
mrNbeu Number
93%
laiFrmai Familiar
90%
rasdAmbsoa Ambassador
87%
vrweHoe However
83%
amerutA Amateur
80%
hCeptar Chapter
80%
Nueacrcrkt Nutcracker
80%
enVrdo Vendor
80%
eiCdnlyr Cylinder
77%
Lerani Linear
77%
mteuCrop Computer
73%
pwEeorm Empower
70%
tcCrraeha Character
67%
iSuvorne Souvenir
67%
tharguDe Daughter
60%
Petslar Plaster
60%
Etonercun Encounter
57%
rgaauiTnrl Triangular
57%
tenhroA Another
53%
Preetirem Perimeter
53%
oercSt Sector
53%
aerapxyT Taxpayer
50%
itaucrraPl Particular
47%
lppuanUor Unpopular
43%
Veureltno Volunteer
43%
tleeroyPs Polyester
33%
reFiletriz Fertilizer
30%
pSotermeht Stepmother
23%
No matching quizzes found
Score Distribution
Percent of People with Each Score
Percentile by Number Answered
Your Score History
You have not taken this quiz